[Event "Rheinland Pfalz op 8th"]
[Site "Reil an der Mosel"]
[Date "2016.05.27"]
[Round "3"]
[White "Brodam, Marc"]
[Black "Lassahn, Holger"]
[Result "0-1"]
[WhiteElo "1696"]
[BlackElo "1973"]
[PlyCount "68"]
[EventDate "2016.05.26"]
[EventType "swiss"]
[EventRounds "7"]
[EventCountry "GER"]
[SourceTitle "EXT 2018"]
[Source "ChessBase"]
[SourceDate "2017.10.13"]
[SourceVersion "1"]
[SourceVersionDate "2017.10.13"]
[SourceQuality "1"]

1. e4 c5 2. Nf3 a6 3. d4 cxd4 4. Nxd4 Nf6 5. Bd3 e5 6. Nf3 Qc7 7. c4 Bb4+ 8. Bd2 Bxd2+ 9. Qxd2 0-0 10. Nc3 d6 11. h3 h6 12. 0-0 Be6 13. Nd5 Bxd5 14. cxd5 Nbd7 15. Rac1 Qb6 16. Rc2 Rac8 17. Rfc1 Rxc2 18. Qxc2 Nc5 19. a3 a5 20. Nd2 Rd8 21. Nc4 Qa7 22. Nxe5 Nxd3 23. Nxd3 Nxe4 24. Qc7 Rf8 25. Rc4 Qa6 26. Nf4 Nd2 27. Rc1 Qb5 28. Qc3 Ne4 29. Qd4 Nf6 30. a4 Qd7 31. Qb6 Qxa4 32. Qxd6 Qd4 33. Rc3 Ne4 34. Rd3 Qxf2+ 0-1

[Event "Karl Mala Memorial op-A 17th"]
[Site "Frankfurt"]
[Date "2014.07.31"]
[Round "1"]
[White "Winterholler, Christina"]
[Black "Brodam, Marc"]
[Result "1-0"]
[WhiteElo "1948"]
[BlackElo "1525"]
[PlyCount "85"]
[EventDate "2014.07.31"]
[EventType "swiss"]
[EventRounds "7"]
[EventCountry "GER"]
[SourceTitle "EXT 2015"]
[Source "ChessBase"]
[SourceDate "2014.11.20"]
[SourceVersion "1"]
[SourceVersionDate "2014.11.20"]
[SourceQuality "1"]

1. e4 e5 2. Bc4 Nc6 3. Nf3 Bc5 4. b4 Bxb4 5. c3 Bd6 6. d4 Nf6 7. Ng5 0-0 8. 0-0 Be7 9. f4 d6 10. Qb3 Qe8 11. Bb5 Bd7 12. Bxc6 Bxc6 13. d5 Bb5 14. c4 Ba6 15. Nc3 b6 16. Ba3 Qd7 17. fxe5 dxe5 18. Nf3 Bd6 19. Rae1 Rfe8 20. Nd2 c6 21. Qa4 b5 22. Qxa6 b4 23. Bb2 bxc3 24. Bxc3 Bc5+ 25. Kh1 cxd5 26. exd5 Ng4 27. Ne4 Bb6 28. h3 Ne3 29. Rf3 f5 30. Ng5 e4 31. Rfxe3 Bxe3 32. Rxe3 f4 33. Rxe4 Rxe4 34. Nxe4 Re8 35. Nf6+ gxf6 36. Qxf6 Rf8 37. Qh8+ Kf7 38. Qxh7+ Ke8 39. Qe4+ Kd8 40. Ba5+ Kc8 41. Bb4 Rf5 42. d6 Rf7 43. Qa8# 1-0

[Event "GER-ch Net qual4 U14"]
[Site "Playchess.com INT"]
[Date "2012.09.12"]
[Round "5"]
[White "Brodam, Marc"]
[Black "Tietgemeyer, Eva Maria"]
[Result "0-1"]
[WhiteElo "1346"]
[BlackElo "1431"]
[PlyCount "94"]
[EventDate "2012.09.12"]
[EventType "swiss (blitz)"]
[EventRounds "7"]
[EventCountry "GER"]
[SourceTitle "CBM 150 Extra"]
[Source "ChessBase"]
[SourceDate "2012.10.19"]
[SourceVersion "1"]
[SourceVersionDate "2012.10.19"]
[SourceQuality "1"]

1. e4 e5 2. Nf3 Nc6 3. Bc4 Nf6 4. Ng5 d5 5. exd5 b5 6. Bxb5 Qxd5 7. Bxc6+ Qxc6 8. 0-0 Bb7 9. f3 Bc5+ 10. Kh1 0-0 11. Nc3 Rfe8 12. d3 Ng4 13. Nh3 Be3 14. Ne4 Bxc1 15. Rxc1 Ne3 16. Qe2 Nxf1 17. Rxf1 Rad8 18. f4 exf4 19. Nxf4 f5 20. Qh5 fxe4 21. Qg5 exd3 22. cxd3 h6 23. Qg4 Rf8 24. h3 Rxd3 25. Kh2 Rd4 26. Qe6+ Qxe6 27. Nxe6 Rxf1 28. Nxd4 Rf2 29. Kg1 Rxg2+ 30. Kf1 Rxb2 31. a4 c5 32. Ne6 c4 33. Nc5 c3 34. Nd3 Rb1+ 35. Ke2 Ba6 36. Ke3 c2 37. Kd2 Bxd3 38. Kxd3 c1Q 39. Kd4 Qa3 40. Ke4 Rb4+ 41. Ke5 Qxa4 42. Kf5 Rb5+ 43. Ke6 Qa5 44. Kd6 Rb6+ 45. Kc7 Qc5+ 46. Kd7 Rd6+ 47. Ke7 Qe5# 0-1

[Event "GER-ch Net qual4 U14"]
[Site "Playchess.com INT"]
[Date "2012.09.12"]
[Round "6"]
[White "Graf, Lennard"]
[Black "Brodam, Marc"]
[Result "0-1"]
[WhiteElo "1337"]
[BlackElo "1334"]
[PlyCount "58"]
[EventDate "2012.09.12"]
[EventType "swiss (blitz)"]
[EventRounds "7"]
[EventCountry "GER"]
[SourceTitle "CBM 150 Extra"]
[Source "ChessBase"]
[SourceDate "2012.10.19"]
[SourceVersion "1"]
[SourceVersionDate "2012.10.19"]
[SourceQuality "1"]

1. e4 e5 2. Nf3 Nc6 3. d4 exd4 4. Nxd4 Nxd4 5. Qxd4 Nf6 6. Nc3 d6 7. Bb5+ Bd7 8. Bxd7+ Qxd7 9. 0-0 Be7 10. Bg5 0-0 11. Rad1 Rad8 12. Rfe1 c6 13. e5 dxe5 14. Qxd7 Rxd7 15. Rxd7 Nxd7 16. Bxe7 Re8 17. Bb4 c5 18. Ba3 a6 19. b3 b5 20. Bb2 Nf6 21. Ne4 Ng4 22. Nxc5 Rc8 23. Ne4 Rxc2 24. Rd1 f5 25. Rd8+ Kf7 26. Ng5+ Kg6 27. Bxe5 Kxg5 28. Bg3 Rc1+ 29. Rd1 Rxd1# 0-1

[Event "GER-ch Net qual3 U14"]
[Site "Playchess.com INT"]
[Date "2012.09.08"]
[Round "6"]
[White "Brodam, Marc"]
[Black "Henning, Marvin"]
[Result "1-0"]
[WhiteElo "1423"]
[BlackElo "1391"]
[PlyCount "51"]
[EventDate "2012.09.08"]
[EventType "swiss (blitz)"]
[EventRounds "7"]
[EventCountry "GER"]
[SourceTitle "CBM 150 Extra"]
[Source "ChessBase"]
[SourceDate "2012.10.19"]
[SourceVersion "1"]
[SourceVersionDate "2012.10.19"]
[SourceQuality "1"]

1. e4 c5 2. Nf3 Nc6 3. d4 cxd4 4. c3 dxc3 5. Nxc3 g6 6. Bc4 Bg7 7. Bf4 d6 8. e5 dxe5 9. Bg3 Bg4 10. 0-0 Nd4 11. Bxf7+ Kf8 12. Bd5 Nxf3+ 13. Bxf3 Bxf3 14. Qxf3+ Nf6 15. Qxb7 Rb8 16. Qf3 Rxb2 17. Bxe5 Kf7 18. Nd5 Rd2 19. Nxf6 exf6 20. Bc3 Rd7 21. Rfd1 Rxd1+ 22. Rxd1 Qc7 23. Qd5+ Ke7 24. Bb4+ Ke8 25. Qe6+ Qe7 26. Qxe7# 1-0

[Event "GER-ch Net qual3 U14"]
[Site "Playchess.com INT"]
[Date "2012.09.08"]
[Round "3"]
[White "Krone, Aaron"]
[Black "Brodam, Marc"]
[Result "0-1"]
[WhiteElo "1292"]
[BlackElo "1423"]
[PlyCount "46"]
[EventDate "2012.09.08"]
[EventType "swiss (blitz)"]
[EventRounds "7"]
[EventCountry "GER"]
[SourceTitle "CBM 150 Extra"]
[Source "ChessBase"]
[SourceDate "2012.10.19"]
[SourceVersion "1"]
[SourceVersionDate "2012.10.19"]
[SourceQuality "1"]

1. d4 d5 2. c4 c6 3. Nc3 Nf6 4. Nf3 Bf5 5. Bf4 e6 6. cxd5 cxd5 7. Nb5 Na6 8. e3 Bb4+ 9. Nc3 0-0 10. Qa4 Bxc3+ 11. bxc3 Rc8 12. Bxa6 bxa6 13. 0-0 Rxc3 14. Ne5 Bc2 15. Qxa6 Nd7 16. Qa5 Qxa5 17. Nxd7 Rd8 18. Nc5 Qb6 19. Rfc1 Rc4 20. a3 f6 21. Ra2 Bg6 22. Rxc4 Qb1+ 23. Rc1 Qxc1# 0-1

[Event "GER-ch Net qual3 U14"]
[Site "Playchess.com INT"]
[Date "2012.09.08"]
[Round "5"]
[White "Pichlmeier, Matthias"]
[Black "Brodam, Marc"]
[Result "1-0"]
[WhiteElo "1363"]
[BlackElo "1423"]
[PlyCount "37"]
[EventDate "2012.09.08"]
[EventType "swiss (blitz)"]
[EventRounds "7"]
[EventCountry "GER"]
[SourceTitle "CBM 150 Extra"]
[Source "ChessBase"]
[SourceDate "2012.10.19"]
[SourceVersion "1"]
[SourceVersionDate "2012.10.19"]
[SourceQuality "1"]

1. e4 e6 2. Nf3 d5 3. e5 Nc6 4. d4 Bd7 5. Bg5 Be7 6. Bxe7 Ngxe7 7. Bd3 0-0 8. 0-0 Ng6 9. Nc3 Nf4 10. Ne2 Nxd3 11. Qxd3 Nb4 12. Qd2 a5 13. Ng3 Rc8 14. Nh5 g6 15. Nf6+ Kh8 16. Qh6 Qxf6 17. exf6 Rg8 18. Ng5 Rcf8 19. Qxh7# 1-0

[Event "Rheinland Pfalz op 4th"]
[Site "Altenkirchen"]
[Date "2012.06.09"]
[Round "6"]
[White "Brodam, Marc"]
[Black "Penninger, Thomas"]
[Result "0-1"]
[WhiteElo "1140"]
[BlackElo "1143"]
[PlyCount "70"]
[EventDate "2012.06.07"]
[EventType "swiss"]
[EventRounds "7"]
[EventCountry "GER"]
[SourceTitle "CBM 148 Extra"]
[Source "ChessBase"]
[SourceDate "2012.06.22"]
[SourceVersion "1"]
[SourceVersionDate "2012.06.22"]
[SourceQuality "1"]

1. e4 c6 2. Nc3 d5 3. d3 e5 4. Nf3 Bg4 5. Be2 Nd7 6. exd5 cxd5 7. Nxd5 Qa5+ 8. Nc3 Bb4 9. Bd2 Ngf6 10. a3 Bd6 11. Ne4 Qc7 12. Nxd6+ Qxd6 13. 0-0 0-0 14. Bb4 Nc5 15. Nd2 Bxe2 16. Qxe2 a5 17. Bxc5 Qxc5 18. Nc4 Rfe8 19. Rfe1 Nd7 20. b4 axb4 21. axb4 Qxb4 22. Rxa8 Rxa8 23. Nxe5 Re8 24. f4 f6 25. c3 Qb6+ 26. d4 fxe5 27. fxe5 Qe6 28. Qf3 b6 29. d5 Qe7 30. e6 Rf8 31. d6 Qxd6 32. exd7 Rxf3 33. Re8+ Rf8 34. d8Q Qxd8 35. Rxd8 Rxd8 0-1

[Event "Rheinland Pfalz op 4th"]
[Site "Altenkirchen"]
[Date "2012.06.07"]
[Round "1"]
[White "Kuhn, Andreas"]
[Black "Brodam, Marc"]
[Result "1-0"]
[WhiteElo "1949"]
[BlackElo "1140"]
[PlyCount "65"]
[EventDate "2012.06.07"]
[EventType "swiss"]
[EventRounds "7"]
[EventCountry "GER"]
[SourceTitle "CBM 148 Extra"]
[Source "ChessBase"]
[SourceDate "2012.06.22"]
[SourceVersion "1"]
[SourceVersionDate "2012.06.22"]
[SourceQuality "1"]

1. c4 e5 2. g3 Nf6 3. Bg2 Be7 4. Nc3 d6 5. Nf3 Nc6 6. d4 Bd7 7. d5 Nb8 8. 0-0 0-0 9. h3 c6 10. e4 Qc8 11. Kh2 a6 12. Be3 b5 13. dxc6 Bxc6 14. cxb5 axb5 15. Rc1 Qb7 16. Nh4 Nxe4 17. Nf5 Nf6 18. Bxc6 Nxc6 19. Nd5 Rad8 20. Rxc6 Qd7 21. Ndxe7+ Kh8 22. Rxd6 Qc7 23. Nc6 Ne4 24. Rxd8 Rxd8 25. Qxd8+ Qxd8 26. Nxd8 g6 27. Nxf7+ Kg8 28. N5d6 Nf6 29. Rc1 Nd5 30. Bh6 Nb6 31. Rc6 Nd7 32. Rc8+ Nf8 33. Rxf8# 1-0